| 000 | 00758cam a2200253 a 4500 | ||
|---|---|---|---|
| 001 | 000018415 | ||
| 005 | 20200929165511.0 | ||
| 008 | 751029s1960 sp 000 f spa d | ||
| 015 | _aSp*** | ||
| 035 | _a(DLC) 75516501 | ||
| 040 |
_aDO-SdBNP _cDLC _dDLC _dBNPHU |
||
| 082 |
_a863.64 _bC352v, 1960 |
||
| 100 | 1 |
_aCastillo Puche, José Luis. _d1919-2004 _925734 |
|
| 245 | 1 | 3 |
_aEl vengador / _cJosé Luis Castillo-Puche. |
| 250 | _a2a ed. | ||
| 260 |
_aBarcelona : _bDestino, _c1960. |
||
| 300 |
_a302 p. ; _c19 cm. |
||
| 490 | 1 |
_aÁncora y delfín _v184 |
|
| 650 | 4 |
_aNovela española _91123 |
|
| 650 | 4 |
_aLiteratura española _ySIGLO XX _93326 |
|
| 830 | 0 |
_aÁncora y delfín ; _v184 _94704 |
|
| 910 | _aCatalogación por derivada / LC | ||
| 049 | _aBNGR | ||
| 999 |
_c17936 _d17936 |
||